00714nam a2200241 a 4500001001300000003000900013005001700022008004100039020001000080082001500090100002800105245005200133260004800185300000900233500003500242505000800277650002000285700002800305902000800333942000700341952011100348999001300459nice12345678IN_TiNIC20260116011357.0050524s1965 dela grp 000 0 urd  ac4.500a297.2bUMA aUmari, Syed Jalalud-Din aKhuda Aur Rasul Ka Tasawwur Islami Talimat Mein aDelhibMarkazi Maktaba Jamat-E-Islamic1965 a416p aincludes index and biblioraphy2 aIll aIslam-Doctrines1 aUmari, Syed Jalalud-Din bSRS cBK 001040708StackRoom-aHMIbHMId2007-07-11g4.50l0o297.2 UMAp02983r2007-07-11v4.50w2005-05-24yBK c995d995